000 00712nam a2200229Ia 4500
003 OSt
005 20220927105827.0
006 a|||||r|||| 00| 0
007 ta
008 220926b |||||||| |||| 00| 0 eng d
024 _a203298
037 _cReference Collections
040 _aRTL
_cRTL
_beng
041 _2eng
_aeng
082 _a"Y15:677.252, P8"
100 _aSHARMA Aradhana
_9375359
245 0 _aLogics of empowerment
_b" Development, gender, and governance in Neoliberal India"
260 _a"London,"
_b"University of Minnesota Press, "
_c2008
300 _a"xiii,260p."
_ccm.
942 _h"Y15:677.252, P8"
_cCC
999 _c694912
_d694912